000 02543nam a2200373 i 4500
003 DO-SdBNP
005 20260519141702.0
007 ta
008 211118b2021 dr ab||| |||| 00| 0 spa d
020 _a9789945919714
040 _aDO-SdBNP
_bspa
_cBNPHU
_erda
041 _aspa
082 4 _a972.9304
_bM433c
_222
100 1 _aMatos González, Ramiro,
_d1927-
_eautor
_4aut.
_980662
245 1 0 _aCronología militar de la Restauración /
_cRamiro Matos González ; prólogo, José Miguel Soto Jiménez.
250 _aPrimera edición
264 4 _aSanto Domingo :
_bMinisterio de Defensa de República Dominicana,
_c©2021.
300 _a2 volúmenes :
_bilustraciones y mapas ;
_c28 cm.
336 _atexto
_btxt
_2rdacontent
337 _asin mediación
_bn
_2rdamedia
338 _avolumen
_bnc
_2rdacarrier
500 _aIncluye datos biográficos del autor en la contracubierta.
500 _aIncluye índice onomástico
500 _aCronología anotada de la Guerra de la Restauración Dominicana, un conflicto guerrillero que tuvo lugar entre 1863 y 1865 en la República Dominicana entre nacionalistas y España, que había recolonizado el país 17 años después de su independencia. Finalizó con una victoria dominicana, liderada por el general Gregorio Luperón, y la retirada de las fuerzas españolas del país. Ramiro Matos González (1927) es historiador y general retirado de las Fuerzas Armadas Dominicanas.
500 _aVolúmenes 1 y 2 publicados juntos
504 _aBibliografía : v.1. p. 351-352
504 _aBibliografía : v.2. p. 698
505 0 _aDedicatoria, I.-- Agradecimientos, III.-- Prólogo, IV.--
_gTOMO I : 1861-1863
_tAdvertencia, 1.-- Período de la anexión : antecedentes, 4.-- Academia Militar, 4.-- Período de Capotillo, 38.-- Segundo encuentro, 99.-- Tercer encuentro, 100.-- Restauración, 202.-- Bibliografía tomo I : 1861 y 1863 período de la anexión, 351.--
_gTOMO II : 1864-1865
_tMuerte del General Pedro Florentino, 438.-- "Proclama de Gaspar Polanco", 575.-- Prisión del General José Antonio Salcedo, 579.-- Gobernantes dominicanos durante la anexión, hasta el triunfo de los restauradores y salida de las tropas españolas, 697.-- Bibliografía tomo II, 698.-- Índice de mapas, 699.
590 _aInventariado, 2021 /LP
651 7 _aRepública Dominicana
_xHistoria
_yGuerra de la Restauración, 1863-1865
_xCronología
_2LIBRUNAM
_989601
700 1 _aSoto Jiménez, José Miguel,
_eprólogo
_979991
910 _aLopérez
942 _2ddc
_cLBS1
999 _c50988
_d50988